• 首页
  • 本馆介绍
  • 公告通知
  • 最新文献
  • 馆藏检索
  • 电子资源
  • 读者导购
  • 参考咨询
  • 我的图书馆
  • 登录
  • 详细信息显示
  • 放入我的书架
  • 预约/预借图书
  • 作者相关作品
  • 分类相关作品
  • 丛书相关作品
  • 出版社相关作品

书目信息

  • 表格格式
  • 工作单格式
  • 卡片格式
题名:
物理
    
 
作者: 哈伯-沙姆 著 ;《PSSC物理》翻译组 译
分册: 第四册  
出版信息: 北京   科学出版社  1980
页数: 276页
开本: 20cm
丛书名:
单 册:
中图分类: O4 , G633.7
科图分类:
主题词: 教育--各级
电子资源:
ISBN:
000 00690nam0 2200229 450
001 0532978486
005 20060725151628.29
010    @dCNY0.72
091    @a13031.1325
100    @a20051202d1980 km y0chiy0120 ea
101 0  @achi
102    @aCN@b110000
200 1  @a物理@Awu li@h第四册@f(美)U·哈伯-沙姆等著@F(mei)U·ha bo-sha mu deng zhu@g《PSSC物理》翻译组译@G《PSSC wu li》fan yi zu yi
210    @a北京@c科学出版社@d1980
215 1  @a276页@d20cm
606 0  @a教育@x各级
690    @aO4@v4
690    @aG633.7@v3
701  0 @a哈伯-沙姆@Aha bo-sha mu@4著
712  0 @a《PSSC物理》翻译组@A《PSSC wu li》fan yi zu@4译
801  0 @aCN@bPFT@c20060725
905    @a10447@dG633.7@e246:4
    
    物理.第四册/(美)U·哈伯-沙姆等著/《PSSC物理》翻译组译.-北京:科学出版社,1980
    276页;20cm
    
    
    ISBN :CNY0.72
    
●
相关链接 在E读中查询图书 在五车中查询图书 在当当中查询图书 在豆瓣中查询图书


正题名:物理     索取号:G633.7/246:4         预约/预借

序号 登录号 条形码 馆藏地/架位号 状态 备注
1 0029874   202169660   密集书库/ [索取号:G633.7/246:4] 在馆    
2 0029875   202160954   密集书库/ [索取号:G633.7/246:4] 在馆    
3 0029876   202169795   密集书库/ [索取号:G633.7/246:4] 在馆    
4 0029877   202169624   密集书库/ [索取号:G633.7/246:4] 在馆    
5 0029878   202256502   密集书库/ [索取号:G633.7/246:4] 在馆    
6 0029879   202250090   密集书库/ [索取号:G633.7/246:4] 在馆    
7 0029880   202169580   密集书库/ [索取号:G633.7/246:4] 在馆    
8 0029881   202256548   密集书库/ [索取号:G633.7/246:4] 在馆    
9 0029882   202160678   密集书库/ [索取号:G633.7/246:4] 在馆    
10 0029883   202160883   密集书库/ [索取号:G633.7/246:4] 在馆    
唐山师范学院图书馆 欢迎您!
大连网信软件有限公司© 版权所有